000 00804nam a2200229 i 4500
001 167722
003 ES-MaACL
005 20250804161016.0
008 220628s2019 sp a 001 0cspa d
020 _a978-84-09-14474-7
100 1 _aEtxebarría, Lucía.
_948306
245 1 0 _aMujeres extraordinarias :
_buna historia de mentiras /
_cLucía Etxebarría.
250 _a2ª ed.
260 _a[Madrid :
_bL. Etxebarría],
_c2019 (
_fImedisa)
300 _a559 p. :
_bil. ;
_c23 cm.
650 4 _aMujeres-
_xBiografías.
_915255
852 4 _aES-MaACL
_jA-14968
_9 174198
_bR.153254
_cDEPO1
_dOlim:N-7968
_hDonación: Pilar Fernandez Vera
903 _aFernández Vera, Pilar,
_d1961-
_ednr
_949420
942 _2udc
_cMONOGRAFIA
999 _c167722
_d167722